[Event "Santa Cruz op"]
[Site "Santa Cruz"]
[Date "2024.10.04"]
[Round "4"]
[White "Mamani, Caleb"]
[Black "Medina, Juan Manuel Sebasti"]
[Result "0-1"]
[WhiteElo "1471"]
[BlackElo "1858"]
[PlyCount "106"]
[EventDate "2024.10.03"]
[EventType "swiss"]
[EventRounds "7"]
[EventCountry "ARG"]
[SourceTitle "CB47_2024"]
[SourceDate "2024.11.20"]
[SourceVersion "1"]
[SourceVersionDate "2024.11.20"]
[SourceQuality "1"]

1. e4 e5 2. Nf3 Nc6 3. Bc4 Be7 4. Nc3 Nf6 5. Ng5 0-0 6. 0-0 d6 7. d3 Nd4 8. Be3 h6 9. Nxf7 Rxf7 10. Bxf7+ Kxf7 11. f4 Bg4 12. Qd2 Kg8 13. fxe5 dxe5 14. h3 Be6 15. Ne2 Bc5 16. b4 Bb6 17. c3 Nxe2+ 18. Qxe2 Qd7 19. c4 Bd4 20. Rad1 Rd8 21. c5 Bxe3+ 22. Qxe3 Qd4 23. Qxd4 Rxd4 24. a3 Bb3 25. Rd2 Nxe4 26. Rb2 Rxd3 27. Re1 Bd5 28. a4 Rd4 29. a5 a6 30. b5 axb5 31. Rxb5 Bc6 32. Rb3 Rc4 33. Ra1 Nxc5 34. Rba3 Rc2 35. Rg3 e4 36. Kf1 Bb5+ 37. Kg1 Na6 38. Re3 Bc6 39. Kf1 Kf7 40. Kg1 Ke6 41. Rg3 g5 42. Kf1 Kf5 43. Kg1 Nc5 44. Rf1+ Kg6 45. h4 Ne6 46. hxg5 hxg5 47. Ra3 Bb5 48. Rb1 Ba6 49. Re1 Kf5 50. g4+ Kf4 51. Rb1 Nd4 52. Ra4 Nf3+ 53. Kh1 Rh2# 0-1